| 000 | 00933nas0a22002891i 4500 | ||
|---|---|---|---|
| 001 | RU\NLR\DRGNLR\5226 | ||
| 005 | 20240725031402.0 | ||
| 035 | _a(NLR Aleph) 010313798 | ||
| 090 |
_a10646476 _c10646476 |
||
| 100 | _a20080514b1912 u y0rusy50 ca | ||
| 101 | 0 | _arus | |
| 102 | _aRU | ||
| 110 | _acya|||||||| | ||
| 200 | 1 |
_aФеодосийский вестник _fРед.-изд. И.Я.Шик |
|
| 210 |
_aФеодосия _d1912, 25 марта - [?] |
||
| 540 | 1 | _aФеодосийский вестник | |
| 702 | 1 |
_aШик _bИ.Я. _gИсаак Янкелевич _4340 |
|
| 801 | 0 |
_aRU _bNLR _c20080514 _gPSBO _2gzdor_isis |
|
| 801 | 2 |
_aRU _bNLR _c20080514 _gPSBO _2rusmarc |
|
| 852 |
_aNLR _j1-Р/1-912 |
||
| 942 | _cNEWSPAPER | ||
| 980 | _aDRG | ||